<?xml version="1.0" encoding="UTF-8"?>
<record
    xmlns:xsi="http://www.w3.org/2001/XMLSchema-instance"
    xsi:schemaLocation="http://www.loc.gov/MARC21/slim http://www.loc.gov/standards/marcxml/schema/MARC21slim.xsd"
    xmlns="http://www.loc.gov/MARC21/slim">

  <leader>03994cam a22003254a 4500</leader>
  <datafield tag="952" ind1=" " ind2=" ">
    <subfield code="0">0</subfield>
    <subfield code="1">0</subfield>
    <subfield code="2">ddc</subfield>
    <subfield code="4">0</subfield>
    <subfield code="7">0</subfield>
    <subfield code="8">ECONOMICS OF LAND &amp; ENERGY</subfield>
    <subfield code="a">MES</subfield>
    <subfield code="b">MES</subfield>
    <subfield code="c">ECO </subfield>
    <subfield code="d">2019-02-20</subfield>
    <subfield code="g">545.00</subfield>
    <subfield code="l">0</subfield>
    <subfield code="o">333.7 BRO/E</subfield>
    <subfield code="p">38365</subfield>
    <subfield code="r">2019-02-20 00:00:00</subfield>
    <subfield code="w">2019-02-20</subfield>
    <subfield code="y">BK</subfield>
    <subfield code="z">GL6R4</subfield>
  </datafield>
  <datafield tag="999" ind1=" " ind2=" ">
    <subfield code="c">11377</subfield>
    <subfield code="d">11377</subfield>
  </datafield>
  <controlfield tag="001">12717514</controlfield>
  <controlfield tag="003">OSt</controlfield>
  <controlfield tag="005">20200103100640.0</controlfield>
  <controlfield tag="008">010221s2001    enk    f b    001 0 eng  </controlfield>
  <datafield tag="010" ind1=" " ind2=" ">
    <subfield code="a">  2002392789</subfield>
  </datafield>
  <datafield tag="020" ind1=" " ind2=" ">
    <subfield code="a">8125022031</subfield>
  </datafield>
  <datafield tag="020" ind1=" " ind2=" ">
    <subfield code="a">9788125022039</subfield>
  </datafield>
  <datafield tag="035" ind1=" " ind2=" ">
    <subfield code="a">(UkLWHE)b000100177</subfield>
  </datafield>
  <datafield tag="040" ind1=" " ind2=" ">
    <subfield code="a">DLC</subfield>
    <subfield code="c">DLC</subfield>
    <subfield code="d">DLC</subfield>
  </datafield>
  <datafield tag="042" ind1=" " ind2=" ">
    <subfield code="a">pcc</subfield>
  </datafield>
  <datafield tag="050" ind1="0" ind2="0">
    <subfield code="a">HC79.E5</subfield>
    <subfield code="b">B759 2001b</subfield>
  </datafield>
  <datafield tag="082" ind1=" " ind2=" ">
    <subfield code="a">333.7</subfield>
    <subfield code="b">BRO/E</subfield>
  </datafield>
  <datafield tag="100" ind1="1" ind2=" ">
    <subfield code="a">Brown, Lester R.</subfield>
    <subfield code="q">(Lester Russell),</subfield>
    <subfield code="d">1934-</subfield>
    <subfield code="9">686</subfield>
  </datafield>
  <datafield tag="245" ind1="1" ind2="0">
    <subfield code="a">Eco-economy :</subfield>
    <subfield code="b">building an economy for the earth /</subfield>
    <subfield code="c">Lester R. Brown.</subfield>
  </datafield>
  <datafield tag="260" ind1=" " ind2=" ">
    <subfield code="a">Hyderabad:</subfield>
    <subfield code="b">Orient longman,</subfield>
    <subfield code="c">2004.</subfield>
  </datafield>
  <datafield tag="300" ind1=" " ind2=" ">
    <subfield code="a">xviii, 333 p. ;</subfield>
    <subfield code="c">24 cm.</subfield>
  </datafield>
  <datafield tag="504" ind1=" " ind2=" ">
    <subfield code="a">Includes bibliographical references (p. [277]-322) and index.</subfield>
  </datafield>
  <datafield tag="505" ind1="8" ind2=" ">
    <subfield code="a">Machine generated contents note: 1. The Economy and the Earth 3 -- Economy Self-Destructing 7 -- Lessons from the Past 14 -- Learning from China 17 -- The Acceleration of History 19 -- The Option: Restructure or Decline 21 -- I. A STRESSED RELATIONSHIP -- 2. Signs of Stress: Climate and Water 27 -- Temperature Rising 28 -- The Ice is Melting 30 -- Sea Level Rising 34 -- More Destructive Storms 37 -- Rivers Drained Dry 39 -- Falling Water Tables 43 -- Facing Water Scarcity 46 -- 3. Signs of Stress: The Biological Base 49 -- Fisheries Collapsing 51 -- Forests Shrinking 55 -- Rangelands Deteriorating 58 -- Soils Eroding 62 -- Species Disappearing 68 -- Synergies and Surprises 72 -- 4. The Shape of the Eco-Economy 77 -- Ecology Over Economics 78 -- A Monumental Undertaking 81 -- Restructuring the Economy 83 -- New Industries, New Jobs 85 -- History's Greatest Investment Opportunity 92 -- 5. Building the Solar/Hydrogen Economy 97 -- The Energy Efficiency Base 99 -- Harnessing the Wind 102 -- Turning Sunlight into Electricity 107 -- Tapping the Earth's Heat 110 -- Natural Gas: The Transition Fuel 112 -- Getting to the Hydrogen Economy 114 -- 6. Designing a New Materials Economy 121 -- Throwaway Products 123 -- Materials and the Environment 126 -- The Earth's Toxic Burden 131 -- The Role of Recycling 135 -- Redesigning the Materials Economy 138 -- 7. Feeding Everyone Well 145 -- A Status Report 147 -- Raising Cropland Productivity 150 -- Raising Water Productivity 154 -- Restructuring the Protein Economy 158 -- Eradicating Hunger: A Broad Strategy 163 -- 8. Protecting Forest Products and Services 169 -- Fuel, Lumber, and Paper 170 -- Forest Services 172 -- Sustainable Forestry 176 -- Lightening the Load 178 -- The Role of Plantations 181 -- Reclaiming the Earth 183 -- 9. Redesigning Cities for People 187 -- An Urbanizing Species 188 -- Car-Centered Urban Sprawl 191 -- Urbanization and Obesity 195 -- Urban Rail and Bicycle Systems 199 -- Planning Cities for People 202 -- III. GETTING FROM HERE TO THERE -- 10. Stabilizing Population by Reducing Fertility 211 -- Breaking Out or Breaking Down 213 -- Africa Breaking Down 217 -- Filling the Family Planning Gap 220 -- The Role of Female Education 225 -- Using Soap Operas and Sitcoms 227 -- Stopping at Two 228 -- 11. Tools for Restructuring the Economy 233 -- The Fiscal Steering Wheel 234 -- Tax Shifting 236 -- Subsidy Shifting 240 -- Ecolabeling: Voting with Our Wallets 244 -- Tradable Permits 248 -- Support for Fiscal Restructuring 249 -- 12. Accelerating the Transition 253 -- United Nations Leadership 255 -- New Responsibility of Governments 257 -- New Role for the Media 259 -- The Corporate Interest 261 -- NGOs and Individuals 265 -- Crossing the Threshold 269 -- Is There Enough Time? 274.</subfield>
  </datafield>
  <datafield tag="650" ind1=" " ind2="0">
    <subfield code="a">Environmental economics.</subfield>
  </datafield>
  <datafield tag="856" ind1="4" ind2="1">
    <subfield code="3">Table of contents</subfield>
    <subfield code="u">http://www.loc.gov/catdir/toc/fy033/2002392789.html</subfield>
  </datafield>
  <datafield tag="856" ind1="4" ind2="2">
    <subfield code="3">Contributor biographical information</subfield>
    <subfield code="u">http://www.loc.gov/catdir/enhancements/fy1113/2002392789-b.html</subfield>
  </datafield>
  <datafield tag="906" ind1=" " ind2=" ">
    <subfield code="a">7</subfield>
    <subfield code="b">cbc</subfield>
    <subfield code="c">origres</subfield>
    <subfield code="d">2</subfield>
    <subfield code="e">ncip</subfield>
    <subfield code="f">20</subfield>
    <subfield code="g">y-gencatlg</subfield>
  </datafield>
  <datafield tag="942" ind1=" " ind2=" ">
    <subfield code="2">ddc</subfield>
    <subfield code="c">BK</subfield>
    <subfield code="h">333.7</subfield>
    <subfield code="i">BRO/E</subfield>
    <subfield code="k">333.7</subfield>
    <subfield code="m">BRO/E</subfield>
  </datafield>
</record>
